000 01252nam a2200325 i 4500
001 bg
100 1 _aNIEZGODA, Tadeusz
245 1 0 _aModelowanie numeryczne mikrostruktury ceramiki :
_bzagadnienia wybrane /
_cTadeusz Niezgoda, Jerzy Małachowski, Wiesław Szymczyk.
260 _aWarszawa :
_bWydawnictwa Naukowo-Techniczne,
_c2005.
300 _a253 s. :
_bil. ;
_c24 cm.
504 _aBibliogr.
650 9 _aCeramika
_xmechanika
_xbadanie
650 9 _aCeramika
_xmateriały
650 9 _aWytrzymałość materiałów
_xbadanie
650 9 _aNaprężenia i odkształcenia
_xbadanie
650 9 _aPękanie
_xbadanie
650 9 _aMetoda elementów skończonych
_xstosowanie
_xmechanika
655 _aPodręczniki akademickie
700 1 _aMAŁACHOWSKI, Jerzy
700 1 _aSZYMCZYK, Wiesław
020 _a8320431441
040 _cBPK
041 0 _apol
080 _a666.3/.7:539.3/.5:519.61/.64](075.8)
920 _a83-204-3144-1
942 _cKS
008 s pl f |000 0 pol
856 _uhttp://koha.tu.koszalin.pl/cgi-bin/koha/opac-detail.pl?biblionumber=46941
_yKatalog online BPK
999 _c46941
_d46941